00506nam a2200109Ia 4500008004100000100002700041245019000068260003000258300001800288650002200306856006800328160712s9999 xx 000 0 und d aDimapilis, Annaliza S. cAnnaliza S. Dimapilis, Marie Grace A. GomezaNeeds of Regular Teachers in Implementing the Individualized Accommodation Plans for Children with Attention Deficit Hyperactivity Discorder c2014bEducation Quarterly avol. 72 no. 2 xSPECIAL EDUCATION uhttp://journals.upd.edu.ph/index.php/edq/article/view/4470/4047